|
|
|
|
| LEADER |
03288nam a22004575i 4500 |
| 001 |
978-1-4842-2190-7 |
| 003 |
DE-He213 |
| 005 |
20171129031419.0 |
| 007 |
cr nn 008mamaa |
| 008 |
160825s2016 xxu| s |||| 0|eng d |
| 020 |
|
|
|a 9781484221907
|9 978-1-4842-2190-7
|
| 024 |
7 |
|
|a 10.1007/978-1-4842-2190-7
|2 doi
|
| 040 |
|
|
|d GrThAP
|
| 050 |
|
4 |
|a QA76.76.A65
|
| 072 |
|
7 |
|a UB
|2 bicssc
|
| 072 |
|
7 |
|a COM018000
|2 bisacsh
|
| 082 |
0 |
4 |
|a 004
|2 23
|
| 100 |
1 |
|
|a Kotaru, V. Keerti.
|e author.
|
| 245 |
1 |
0 |
|a Material Design implementation with AngularJS
|h [electronic resource] :
|b UI Component Framework /
|c by V. Keerti Kotaru.
|
| 264 |
|
1 |
|a Berkeley, CA :
|b Apress :
|b Imprint: Apress,
|c 2016.
|
| 300 |
|
|
|a XVII, 194 p. 122 illus., 110 illus. in color.
|b online resource.
|
| 336 |
|
|
|a text
|b txt
|2 rdacontent
|
| 337 |
|
|
|a computer
|b c
|2 rdamedia
|
| 338 |
|
|
|a online resource
|b cr
|2 rdacarrier
|
| 347 |
|
|
|a text file
|b PDF
|2 rda
|
| 505 |
0 |
|
|a Chapter 1: Introduction.- Chapter 2: Get started with Angular Material (JavaScript library).- Chapter 3: Rich UI with Angular Material.- Chapter 4: Sophisticated application with Angular Material.- Chapter 5: Introduction to Ionic Material.-Chapter 6: Enhanced mobile app with Ionic Material.- Chapter 7: Material Design with JavaScript – Material Design Light.- Chapter 8: Enhanced apps with Material Design Light.- Chapter 9: Polymer and Material Design.- Chapter 10: Right choice for the right app -- Chapter 11: Miscellaneous -- Chapter 12:ResponsiveDesignPatterns.
|
| 520 |
|
|
|a Build high-quality web and mobile user interfaces (UI) that are interactive, fluid, and provide a consistent experience across devices from desktops to tablets to smartphones. Use a Material Design approach to position elements and create animations along with principles of the sophisticated AngularJS JavaScript framework. Take advantage of Angular Material, a UI component framework that works out of the box to design web pages that adapt to various screen sizes and adhere to Material Design specifications. What You Will Learn: Develop a UI that adheres to Material Design principles using Angular Material, a UI component framework Use various Angular Material elements, directives, and services in conjunction with CSS3 Flexbox for layout management Use best practice design techniques to develop a responsive UI to fit multiple devices and screen sizes from desktop to tablet to mobile phone Develop web apps for both mobile and desktop form factors and screen sizes using HTML, CSS, and JavaScript Who This Book Is For: Web and mobile app developers with a basic understanding of JavaScript, HTML, and CSS.
|
| 650 |
|
0 |
|a Computer science.
|
| 650 |
|
0 |
|a Computer programming.
|
| 650 |
|
0 |
|a Programming languages (Electronic computers).
|
| 650 |
|
0 |
|a Application software.
|
| 650 |
1 |
4 |
|a Computer Science.
|
| 650 |
2 |
4 |
|a Computer Applications.
|
| 650 |
2 |
4 |
|a Programming Techniques.
|
| 650 |
2 |
4 |
|a Programming Languages, Compilers, Interpreters.
|
| 710 |
2 |
|
|a SpringerLink (Online service)
|
| 773 |
0 |
|
|t Springer eBooks
|
| 776 |
0 |
8 |
|i Printed edition:
|z 9781484221891
|
| 856 |
4 |
0 |
|u http://dx.doi.org/10.1007/978-1-4842-2190-7
|z Full Text via HEAL-Link
|
| 912 |
|
|
|a ZDB-2-CWD
|
| 950 |
|
|
|a Professional and Applied Computing (Springer-12059)
|